000 00546nam a2200205Ia 4500
005 20250326143006.0
008 250326s9999 xx 000 0 und d
020 _a0-205-15988-5
037 _aTextbook
040 _aFMSL
_beng
_cFMSL
041 _aeng
_2eng
084 _aX:51 N1
_qFMSL
100 _aEnis B M
_9737045
245 0 _aMarketing classics
_cEnis B M And Others
250 _aEd 8
260 _aNew Jersey
_bNew Jersey, Prentice Hall
_c1991
300 _a612p
942 _cTB
_hX:51 N1
999 _c1297615
_d1297615